[Event "PRO League Group Stage"]
[Site "chess.com INT"]
[Date "2020.01.27"]
[Round "4"]
[White "Born, Carlos Rodrigo"]
[Black "Obregon, Andres Carlos"]
[Result "1-0"]
[WhiteTitle "FM"]
[BlackTitle "GM"]
[WhiteElo "2292"]
[BlackElo "2525"]
[WhiteTeam "Brazil Capybaras"]
[BlackTeam "Argentina Krakens"]
[WhiteFideId "2113171"]
[BlackFideId "111724"]
[EventDate "2020.01.06"]

1. e4 e5 2. Nf3 Nc6 3. Bb5 a6 4. Ba4 Nf6 5. Bxc6 dxc6 6. d3 Bd6 7. O-O c5 8.
Nbd2 Be6 9. b3 Nd7 10. Re1 f6 11. Nf1 O-O 12. Ng3 Rf7 13. Bb2 Nb8 14. c3 Nc6 15.
Rc1 Bf8 16. d4 cxd4 17. cxd4 exd4 18. Nxd4 Nxd4 19. Qxd4 Rd7 20. Qc3 c5 21. Ne2
Rd3 22. Qc2 Rd2 23. Qb1 Qd6 24. Bc3 Rd3 25. e5 fxe5 26. Bxe5 Qd7 27. Nf4 Rd2 28.
Nxe6 Qxe6 29. Bc3 Re2 30. Rxe2 Qxe2 31. Re1 Qh5 32. Qe4 Qf7 33. g3 Rd8 34. h4 h6
35. g4 b5 36. g5 hxg5 37. hxg5 Qd5 38. Qg4 Rd6 39. Be5 Re6 40. f4 c4 41. bxc4
Qxc4 42. Re2 Rc6 43. Kh2 Qd3 44. Rg2 Qh7+ 45. Qh3 Qe4 46. Qd7 Qh7+ 47. Kg3 Qe4
48. Rh2 Qe1+ 49. Rf2 Qg1+ 50. Rg2 Qe3+ 51. Kg4 Qe4 52. Rd2 b4 53. Qd5+ Qxd5 54.
Rxd5 g6 55. Rd8 Kf7 56. Ra8 Be7 57. Rh8 Bf8 58. Rh7+ Ke6 59. Ra7 Be7 60. Ra8 Kf7
61. Kf3 Bd6 62. Ra7+ Ke6 63. Rg7 1-0

[Event "PRO League Group Stage"]
[Site "chess.com INT"]
[Date "2020.01.27"]
[Round "4"]
[White "Do Valle Cardoso, Lucas"]
[Black "Bitelmajer, Martin"]
[Result "0-1"]
[BlackTitle "IM"]
[WhiteElo "2228"]
[BlackElo "2475"]
[WhiteTeam "Brazil Capybaras"]
[BlackTeam "Argentina Krakens"]
[WhiteFideId "2163144"]
[BlackFideId "111651"]
[EventDate "2020.01.06"]

1. e4 e5 2. Nf3 Nc6 3. Bb5 a6 4. Ba4 Nf6 5. d4 exd4 6. O-O Be7 7. e5 Ne4 8. Nxd4
O-O 9. Nf5 d5 10. exd6 Nxd6 11. Nxe7+ Nxe7 12. Bb3 Ng6 13. Nc3 Bd7 14. Be3 Bc6
15. Nd5 Nf5 16. Bc5 Re8 17. Qd3 Nfh4 18. Rad1 Qg5 19. Qg3 Qh5 20. Qxc7 Ne5 21.
Ne7+ Rxe7 22. Qxe7 Nhf3+ 0-1

[Event "PRO League Group Stage"]
[Site "chess.com INT"]
[Date "2020.01.27"]
[Round "4"]
[White "Fedoseev, Vladimir3"]
[Black "Nyzhnyk, Illya"]
[Result "1-0"]
[WhiteTitle "GM"]
[BlackTitle "GM"]
[WhiteElo "2671"]
[BlackElo "2662"]
[WhiteTeam "New York Marshalls"]
[BlackTeam "Chicago Wind"]
[WhiteFideId "24130737"]
[BlackFideId "14118084"]
[EventDate "2020.01.06"]

1. e4 e5 2. Nf3 Nf6 3. d4 Nxe4 4. Bd3 d5 5. Nxe5 Nd7 6. O-O Nxe5 7. dxe5 Nc5 8.
Be2 Be7 9. c4 d4 10. b4 d3 11. bxc5 dxe2 12. Qxe2 Bxc5 13. Rd1 Qh4 14. Be3 Bxe3
15. Qxe3 Qxc4 16. Na3 Qb4 17. Rac1 O-O 18. Rxc7 Bf5 19. Nc4 Rac8 20. Rxc8 Bxc8
21. Nd6 Qa4 22. Rc1 Be6 23. a3 b5 24. f4 Bd5 25. h3 b4 26. Nf5 Qd7 27. Nd6 b3
28. Qd3 Qe6 29. Rc5 a6 30. Rxd5 b2 31. Rd4 Rb8 32. Qb1 Qb3 33. Nc4 h5 34. Qxb2
Qxb2 35. Nxb2 Rxb2 36. Rd6 Rb1+ 37. Kh2 h4 38. Rxa6 g6 39. Ra4 Rf1 40. Re4 Kg7
41. a4 Kg8 42. f5 Rxf5 43. a5 Rf1 44. Ra4 Rc1 45. a6 Rc8 46. Rxh4 1-0

[Event "PRO League Group Stage"]
[Site "chess.com INT"]
[Date "2020.01.27"]
[Round "4"]
[White "Bruzon Batista, Lazaro"]
[Black "Guseinov, Gadir"]
[Result "1/2-1/2"]
[WhiteTitle "GM"]
[BlackTitle "GM"]
[WhiteElo "2640"]
[BlackElo "2666"]
[WhiteTeam "Chicago Wind"]
[BlackTeam "New York Marshalls"]
[WhiteFideId "3503739"]
[BlackFideId "13401378"]
[EventDate "2020.01.06"]

1. d4 Nf6 2. Nf3 g6 3. Bg5 Bg7 4. Nbd2 O-O 5. c3 d6 6. e4 c5 7. d5 e6 8. dxe6
Bxe6 9. Bc4 d5 10. exd5 Bxd5 11. O-O Nc6 12. Re1 Bxc4 13. Nxc4 Qxd1 14. Raxd1
Rad8 15. a4 Rxd1 16. Rxd1 Rd8 17. Rxd8+ Nxd8 18. Kf1 Kf8 19. Ne3 Ne6 20. Bxf6
Bxf6 21. Nd5 Bg7 22. Ke2 Ke8 23. Kd3 Kd7 24. g3 f5 25. Kc4 Kd6 26. Ne3 Bh6 27.
Nd5 Bg7 28. Nd2 Nd8 29. f4 Nc6 30. Ne3 a6 31. b4 cxb4 32. cxb4 Nd4 33. b5 axb5+
34. axb5 h6 35. Ng2 g5 36. Ne3 gxf4 37. gxf4 Ke6 38. Ndf1 Nf3 39. Ng3 Nh4 40.
Kc5 Bb2 41. Nc4 Bf6 42. Kb6 Ng6 43. Kxb7 Nxf4 44. b6 Nd5 45. Kc6 Nxb6 46. Nxb6
Be5 47. Nf1 Bxh2 48. Nxh2 Ke5 49. Nc4+ Kf4 50. Nd2 Ke3 51. Ndf1+ Ke4 52. Kc5 f4
53. Kc4 h5 54. Kc3 h4 55. Kd2 h3 56. Ke2 f3+ 57. Kf2 Kf4 58. Ng3 Ke5 59. Kxf3
Kd4 60. Kg4 Ke3 61. Kxh3 1/2-1/2

[Event "PRO League Group Stage"]
[Site "chess.com INT"]
[Date "2020.01.27"]
[Round "4"]
[White "Tang, Andrew"]
[Black "Azarov, Sergei"]
[Result "0-1"]
[WhiteTitle "GM"]
[BlackTitle "GM"]
[WhiteElo "2521"]
[BlackElo "2597"]
[WhiteTeam "Chicago Wind"]
[BlackTeam "New York Marshalls"]
[WhiteFideId "2059630"]
[BlackFideId "13501470"]
[EventDate "2020.01.06"]

1. d4 Nf6 2. c4 e6 3. Nc3 Bb4 4. Qc2 c5 5. dxc5 O-O 6. Nf3 Na6 7. g3 Nxc5 8. Bg2
Nce4 9. O-O Bxc3 10. bxc3 Qc7 11. Nd4 d5 12. cxd5 exd5 13. Bf4 Qc5 14. Rac1 Bd7
15. Nb3 Qe7 16. Be3 Rac8 17. Bd4 b6 18. Nd2 Nxc3 19. Bxc3 d4 20. Nb1 dxc3 21.
Nxc3 Rc5 22. Qd2 Rfc8 23. e4 Qe5 24. f4 Qc7 25. Ne2 Bb5 26. Kh1 Rc2 27. Rxc2
Qxc2 28. Qxc2 Rxc2 29. Nd4 Bxf1 30. Nxc2 Bxg2+ 31. Kxg2 Nxe4 32. Kf3 f5 33. g4
Nd2+ 34. Ke3 Nf1+ 35. Kf2 Nxh2 36. gxf5 Ng4+ 37. Kf3 Nf6 38. Nd4 Nd5 39. a3 Kf7
40. Nc6 a5 41. Ke4 Nf6+ 42. Kf3 h5 43. Ne5+ Ke7 44. Nc4 Nd7 45. Kg3 Kf6 46. Ne3
b5 47. Kh4 Nb6 48. Kxh5 Nc4 49. Nc2 Kxf5 50. Nd4+ Kxf4 51. Nxb5 g5 52. Nc3 g4
53. Ne2+ Ke3 54. Ng3 Kf3 55. Kh4 Nxa3 56. Nf5 Nc2 57. Nh6 g3 58. Ng4 g2 0-1

[Event "PRO League Group Stage"]
[Site "chess.com INT"]
[Date "2020.01.27"]
[Round "4"]
[White "Naroditsky, Daniel"]
[Black "Dominguez Perez, Leinier"]
[Result "1/2-1/2"]
[WhiteTitle "GM"]
[BlackTitle "GM"]
[WhiteElo "2621"]
[BlackElo "2758"]
[WhiteTeam "California Unicorns"]
[BlackTeam "Saint Louis Arch Bishops"]
[WhiteFideId "2026961"]
[BlackFideId "3503240"]
[EventDate "2020.01.06"]

1. d4 Nf6 2. Nc3 d5 3. Bf4 e6 4. Nb5 Na6 5. e3 Be7 6. Nf3 O-O 7. Bd3 b6 8. O-O
Bb7 9. c4 c6 10. Nc3 Nb4 11. Be2 dxc4 12. Bxc4 c5 13. dxc5 Bxc5 14. Qe2 Nbd5 15.
Nxd5 Nxd5 16. Bg3 Qe7 17. Rfd1 Rfd8 18. Rac1 Nf6 19. Bh4 Rxd1+ 20. Rxd1 Rd8 21.
a3 Rxd1+ 22. Qxd1 Qd6 23. Qxd6 Bxd6 24. Bxf6 gxf6 25. Kf1 f5 26. Ke2 Be7 27. g3
Bf6 28. b3 Kf8 29. Nd4 Ke7 30. b4 a6 31. Kd2 b5 32. Be2 Bd5 33. Bf3 Bxf3 34.
Nxf3 Kd6 35. Kd3 Kd5 36. Nd4 Bg7 37. f3 Bf6 38. Ne2 Bb2 39. Kc2 Be5 40. Kd3 Bb2
41. Kc2 Be5 42. Kd3 Bb2 1/2-1/2

[Event "PRO League Group Stage"]
[Site "chess.com INT"]
[Date "2020.01.27"]
[Round "4"]
[White "Le, Quang Liem"]
[Black "Swiercz, Dariusz"]
[Result "1-0"]
[WhiteTitle "GM"]
[BlackTitle "GM"]
[WhiteElo "2713"]
[BlackElo "2659"]
[WhiteTeam "Saint Louis Arch Bishops"]
[BlackTeam "California Unicorns"]
[WhiteFideId "12401137"]
[BlackFideId "1126881"]
[EventDate "2020.01.06"]

1. c4 e5 2. g3 Nf6 3. Bg2 d5 4. cxd5 Nxd5 5. Nf3 Nc6 6. O-O Nb6 7. b3 Be7 8. Bb2
f6 9. Na3 O-O 10. Nc2 Be6 11. e4 Qd3 12. Re1 Rad8 13. Bf1 Qd7 14. d4 exd4 15.
Ncxd4 Nxd4 16. Nxd4 Bf7 17. Qc2 Rfe8 18. Nf5 Bf8 19. Rad1 Qc8 20. h4 Rxd1 21.
Rxd1 Rd8 22. Bh3 Rxd1+ 23. Qxd1 Qe8 24. Qg4 Kh8 25. Qf4 Qd8 26. Bg4 Kg8 27. h5
h6 28. e5 Nd5 29. Qf3 fxe5 30. Bxe5 Qg5 31. Kg2 c6 32. Qd1 Be6 33. f4 Bxf5 34.
fxg5 Ne3+ 35. Kg1 Nxd1 36. Bxf5 Bc5+ 37. Kh2 hxg5 38. Bc8 b6 39. Bd7 Ne3 40. Kh3
Kf7 41. Bxc6 g4+ 42. Kh2 Nf1+ 43. Kg2 Ne3+ 44. Kh1 Nf5 45. Bd7 Bd6 46. Bxd6 Nxd6
47. Bxg4 Kf6 48. Kg2 Ke5 49. Bf3 Nf5 50. Kh3 Ne3 51. Kh4 Kf6 52. Be4 a5 53. a4
Nd1 54. Bc2 Nc3 55. g4 Ne2 56. g5+ Kf7 57. Kg4 Ke7 58. Bd3 Nd4 59. Bc4 Kf8 60.
Kf4 Ke7 61. Ke5 Nf3+ 62. Kf5 Nh4+ 63. Kf4 Kf8 64. Bd5 Ke7 65. Kg4 1-0

[Event "PRO League Group Stage"]
[Site "chess.com INT"]
[Date "2020.01.27"]
[Round "4"]
[White "Dominguez Perez, Leinier"]
[Black "Zierk, Steven"]
[Result "1-0"]
[WhiteTitle "GM"]
[BlackTitle "GM"]
[WhiteElo "2758"]
[BlackElo "2509"]
[WhiteTeam "Saint Louis Arch Bishops"]
[BlackTeam "California Unicorns"]
[WhiteFideId "3503240"]
[BlackFideId "2034255"]
[EventDate "2020.01.06"]

1. e4 e6 2. d4 d5 3. Nc3 Bb4 4. e5 c5 5. dxc5 Qc7 6. Nf3 Ne7 7. Bd3 Nd7 8. O-O
Bxc3 9. bxc3 Nxc5 10. Re1 Nxd3 11. Qxd3 Qc4 12. Ba3 Qxd3 13. cxd3 b6 14. Bxe7
Kxe7 15. a4 Ba6 16. d4 Rhc8 17. Rec1 Be2 18. Nd2 f6 19. f4 a5 20. Kf2 Bd3 21.
Ke3 Ba6 22. Ra3 Rc6 23. Nf3 Kd7 24. Kd2 b5 25. axb5 Bxb5 26. Rb1 Bc4 27. Ke3 Kc7
28. Nd2 Rb6 29. Rba1 Rb2 30. Rxa5 Rxa5 31. Rxa5 Kb6 32. Rc5 Rc2 33. Nxc4+ dxc4
34. Rxc4 Rxg2 35. Kf3 Rxh2 36. f5 exf5 37. e6 Rh4 38. Rc8 Re4 39. d5 Kb7 40. Rg8
Kc7 41. Rxg7+ Kd6 42. Rd7+ Kc5 43. e7 1-0

[Event "PRO League Group Stage"]
[Site "chess.com INT"]
[Date "2020.01.27"]
[Round "4"]
[White "Oparin, Grigoriy"]
[Black "Le, Quang Liem"]
[Result "0-1"]
[WhiteTitle "GM"]
[BlackTitle "GM"]
[WhiteElo "2650"]
[BlackElo "2713"]
[WhiteTeam "California Unicorns"]
[BlackTeam "Saint Louis Arch Bishops"]
[WhiteFideId "24125890"]
[BlackFideId "12401137"]
[EventDate "2020.01.06"]

1. Nf3 d5 2. e3 Nf6 3. c4 e6 4. b3 c5 5. Bb2 Nc6 6. cxd5 exd5 7. Bb5 Bd6 8. d4
cxd4 9. Nxd4 Bd7 10. Nd2 O-O 11. Be2 Qe7 12. O-O Rfd8 13. Rc1 Rac8 14. Nxc6 bxc6
15. Ba6 Rb8 16. h3 c5 17. Qf3 Be5 18. Bxe5 Qxe5 19. Rxc5 Qd6 20. Ra5 Qb4 21. Nc4
dxc4 22. Rg5 h6 23. Rg3 Qd6 24. Bxc4 Bc6 25. Qf5 Be4 26. Qa5 Rd7 27. Rc1 Qd2 28.
Qa3 Rbd8 29. Rf1 Bd3 30. Bxd3 Qxd3 31. Qb2 Kh7 32. Rc1 Qe4 33. Rc4 Rd2 34. Rxe4
Rxb2 35. Ra4 Rd1+ 36. Kh2 Rxf2 37. Rxa7 Rdd2 0-1

[Event "PRO League Group Stage"]
[Site "chess.com INT"]
[Date "2020.01.27"]
[Round "4"]
[White "Swiercz, Dariusz"]
[Black "Dominguez Perez, Leinier"]
[Result "1/2-1/2"]
[WhiteTitle "GM"]
[BlackTitle "GM"]
[WhiteElo "2659"]
[BlackElo "2758"]
[WhiteTeam "California Unicorns"]
[BlackTeam "Saint Louis Arch Bishops"]
[WhiteFideId "1126881"]
[BlackFideId "3503240"]
[EventDate "2020.01.06"]

1. e4 e5 2. Nf3 Nc6 3. Bb5 Nf6 4. O-O Nxe4 5. d4 Nd6 6. Bxc6 dxc6 7. dxe5 Nf5 8.
Qxd8+ Kxd8 9. h3 h6 10. Rd1+ Ke8 11. Nc3 Ne7 12. b3 Ng6 13. Bb2 Nf4 14. Rd2 Be7
15. Rad1 c5 16. Nb5 Ne6 17. Nd6+ Kf8 18. Nxc8 Rxc8 19. Nh2 h5 20. Nf1 g6 21. Ng3
Kg7 22. Ne4 Rhd8 23. Rd7 Kf8 24. g3 Nd4 25. Rxd8+ Rxd8 26. Bxd4 Rxd4 27. Rxd4
cxd4 28. Kf1 Ke8 29. Ke2 Kd7 30. Kd3 c5 31. Kc4 Kc6 32. a4 b6 33. c3 dxc3 34.
Nxc3 a6 35. f4 Bd8 36. g4 hxg4 37. hxg4 Be7 38. f5 gxf5 39. gxf5 Bd8 40. Kd3 b5
41. axb5+ axb5 42. Ne4 Kd5 43. Nd6 Kxe5 44. Nxf7+ Kxf5 45. Nd6+ Ke6 46. Nxb5 Kd5
47. Nc3+ Kc6 48. Kc4 Be7 49. Nd5 Bf8 50. b4 cxb4 51. Nxb4+ 1/2-1/2

[Event "PRO League Group Stage"]
[Site "chess.com INT"]
[Date "2020.01.27"]
[Round "4"]
[White "So, Wesley"]
[Black "Zierk, Steven"]
[Result "1-0"]
[WhiteTitle "GM"]
[BlackTitle "GM"]
[WhiteElo "2765"]
[BlackElo "2509"]
[WhiteTeam "Saint Louis Arch Bishops"]
[BlackTeam "California Unicorns"]
[WhiteFideId "5202213"]
[BlackFideId "2034255"]
[EventDate "2020.01.06"]

1. e4 e6 2. d4 d5 3. Nc3 Bb4 4. exd5 exd5 5. Bd3 Nc6 6. a3 Ba5 7. Ne2 Nge7 8.
O-O O-O 9. Bg5 f6 10. Be3 Bf5 11. Bxf5 Nxf5 12. b4 Bb6 13. Nf4 Bxd4 14. Bxd4
Ncxd4 15. Ncxd5 g5 16. Qg4 Kh8 17. Ne6 Qxd5 18. Nxf8 Qc4 19. Rae1 Rxf8 20. f4
Qxc2 21. fxg5 Rg8 22. h4 fxg5 23. hxg5 Qd2 24. Qf4 Qxf4 25. Rxf4 Rxg5 26. Kf2
Nc6 27. b5 Nce7 28. g4 Kg8 29. gxf5 Rxf5 30. Rxf5 Nxf5 31. Re8+ Kf7 32. Rc8 Nd6
33. Rxc7+ Ke6 34. a4 Kd5 35. Ke2 a6 36. b6 Nc4 37. Rxb7 Kd6 38. Rb8 Na5 39. Rc8
h5 40. Kf3 1-0

[Event "PRO League Group Stage"]
[Site "chess.com INT"]
[Date "2020.01.27"]
[Round "4"]
[White "Le, Quang Liem"]
[Black "Naroditsky, Daniel"]
[Result "1-0"]
[WhiteTitle "GM"]
[BlackTitle "GM"]
[WhiteElo "2713"]
[BlackElo "2621"]
[WhiteTeam "Saint Louis Arch Bishops"]
[BlackTeam "California Unicorns"]
[WhiteFideId "12401137"]
[BlackFideId "2026961"]
[EventDate "2020.01.06"]

1. e4 g6 2. d4 Bg7 3. Nc3 d6 4. Nf3 Nf6 5. Be2 O-O 6. O-O Bg4 7. h3 Bxf3 8. Bxf3
Nc6 9. Be3 e5 10. d5 Nd4 11. Bxd4 exd4 12. Qxd4 Re8 13. Qd2 Nd7 14. g3 Nc5 15.
Rae1 c6 16. Nd1 a5 17. Bg2 a4 18. c3 Qb6 19. Qc2 Re7 20. Ne3 Rae8 21. dxc6 bxc6
22. Nc4 Qb8 23. Rd1 Re6 24. Qc1 h5 25. h4 Nxe4 26. Bxe4 Rxe4 27. Nxd6 Rg4 28.
Rd3 Re2 29. Re1 Qxb2 30. Qxb2 Rxb2 31. Re8+ Bf8 32. Rf3 f5 33. Nxf5 gxf5 34.
Rxf5 Rxa2 35. Rexf8+ Kg7 36. R8f7+ Kg8 37. Ra7 a3 38. Re5 Kf8 1-0

[Event "PRO League Group Stage"]
[Site "chess.com INT"]
[Date "2020.01.27"]
[Round "4"]
[White "Dominguez Perez, Leinier"]
[Black "Oparin, Grigoriy"]
[Result "1/2-1/2"]
[WhiteTitle "GM"]
[BlackTitle "GM"]
[WhiteElo "2758"]
[BlackElo "2650"]
[WhiteTeam "Saint Louis Arch Bishops"]
[BlackTeam "California Unicorns"]
[WhiteFideId "3503240"]
[BlackFideId "24125890"]
[EventDate "2020.01.06"]

1. e4 e5 2. Nf3 Nc6 3. Bb5 a6 4. Ba4 Nf6 5. O-O Nxe4 6. d4 b5 7. Bb3 d5 8. dxe5
Be6 9. Be3 Be7 10. c3 O-O 11. Nbd2 Bg4 12. Re1 Nxe5 13. Nxe4 Bxf3 14. gxf3 dxe4
15. fxe4 Nd3 16. Re2 Qd6 17. Bd5 Nf4 18. Bxf4 Qxf4 19. Bxa8 Qg4+ 20. Kf1 Qh3+
21. Ke1 Rxa8 22. Re3 Qxh2 23. Ke2 Qh5+ 24. Kf1 Qh1+ 25. Ke2 Qh5+ 26. Kf1 Qh1+
27. Ke2 Qh5+ 1/2-1/2

[Event "PRO League Group Stage"]
[Site "chess.com INT"]
[Date "2020.01.27"]
[Round "4"]
[White "Zierk, Steven"]
[Black "Le, Quang Liem"]
[Result "0-1"]
[WhiteTitle "GM"]
[BlackTitle "GM"]
[WhiteElo "2509"]
[BlackElo "2713"]
[WhiteTeam "California Unicorns"]
[BlackTeam "Saint Louis Arch Bishops"]
[WhiteFideId "2034255"]
[BlackFideId "12401137"]
[EventDate "2020.01.06"]

1. e4 c5 2. Nf3 Nc6 3. Bb5 g6 4. Bxc6 bxc6 5. O-O Bg7 6. Re1 Qc7 7. e5 f6 8. Qe2
fxe5 9. Nxe5 d6 10. Nf3 Nh6 11. d4 cxd4 12. Bxh6 Bxh6 13. Nxd4 e5 14. Qc4 Bb7
15. Nc3 Qf7 16. Qxf7+ Kxf7 17. Nb3 a5 18. Ne4 Rhd8 19. Rad1 Ke7 20. a4 Bc8 21.
Nbd2 Bg4 22. f3 Be6 23. b3 Rab8 24. h4 Rb4 25. c3 Rbb8 26. Nc4 Bxc4 27. bxc4 Rb3
28. Rd3 Ra3 29. Rb1 Rd7 30. Rb6 d5 31. Nc5 Rc7 32. cxd5 cxd5 33. Rb5 e4 34. Rxd5
exf3 35. Re5+ Kf7 36. Ne4 Be3+ 37. Kh2 Bf4+ 38. Kh3 Bxe5 39. Rxe5 fxg2 40. Kxg2
Rxa4 41. Kf3 Re7 42. Ng5+ Kf8 43. Ne6+ Kg8 44. h5 Rc4 45. hxg6 Rxc3+ 46. Kg4
hxg6 47. Kg5 Rc6 0-1

[Event "PRO League Group Stage"]
[Site "chess.com INT"]
[Date "2020.01.29"]
[Round "4"]
[White "Xu, Xiangyu"]
[Black "Gledura, Benjamin"]
[Result "1-0"]
[WhiteTitle "GM"]
[BlackTitle "GM"]
[WhiteElo "2580"]
[BlackElo "2626"]
[WhiteTeam "China Pandas"]
[BlackTeam "Hungary Hunters"]
[WhiteFideId "8608288"]
[BlackFideId "712779"]
[EventDate "2020.01.06"]

1. d4 d5 2. c4 c6 3. cxd5 cxd5 4. Nf3 Nc6 5. Nc3 Nf6 6. Bf4 Bf5 7. e3 e6 8. Rc1
Bb4 9. Be2 O-O 10. O-O Bxc3 11. Rxc3 Ne4 12. Rc1 g5 13. Bg3 h5 14. h4 g4 15. Nd2
Nxg3 16. fxg3 Qd6 17. Kh2 Ne7 18. Qb3 Bg6 19. Bd3 Bxd3 20. Qxd3 f5 21. Rc2 Ng6
22. Qc3 Rf7 23. Qc5 Qa6 24. a3 Ne7 25. Qb4 Rd8 26. Re1 Nc6 27. Qb3 Rc7 28. Rc3
Rdc8 29. Qc2 Kf7 30. Nb3 b6 31. Rc1 Qb5 32. Nd2 Ke7 33. b4 Kd7 34. Nb3 Qa6 35.
a4 Qb7 36. Qe2 Ne7 37. Rxc7+ Rxc7 38. a5 Rxc1 39. Nxc1 Qc6 40. Nd3 Ng6 41. axb6
axb6 42. Qa2 Qc4 43. Qa7+ Qc7 44. Qa8 Qc8 45. Qa4+ Qc6 46. b5 Qc4 47. Qa7+ Qc7
48. Qa3 Qc4 49. Nc5+ bxc5 50. Qa7+ Ke8 51. b6 Ne7 52. Qa8+ Kf7 53. b7 Nc6 54.
Qc8 Qb5 55. dxc5 Kf6 56. Qh8+ Ke7 57. Qc8 Kf6 58. Qf8+ Kg6 59. Qe8+ Kf6 60. b8=Q
Qxb8 61. Qxc6 d4 62. exd4 f4 63. Qd6 fxg3+ 64. Qxg3 Qb4 65. Qe5+ Kf7 66. Qxh5+
Ke7 67. Qg5+ Kd7 68. Qxg4 Qd2 69. h5 Qe3 70. Qh4 Qh6 71. Kh3 Qe3+ 72. g3 Qh6 73.
Qg4 Qf6 74. Qf4 Qh8 75. Qd6+ Kc8 76. Qxe6+ Kb7 77. Qd7+ Ka6 78. Qd6+ Ka5 79. h6
Qg8 80. c6 Qf7 81. Qc5+ Ka6 82. c7 Qf1+ 83. Kh4 Qh1+ 84. Kg5 1-0

[Event "PRO League Group Stage"]
[Site "chess.com INT"]
[Date "2020.01.29"]
[Round "4"]
[White "Wang, Yue"]
[Black "Banusz, Tamas"]
[Result "1-0"]
[WhiteTitle "GM"]
[BlackTitle "GM"]
[WhiteElo "2669"]
[BlackElo "2620"]
[WhiteTeam "China Pandas"]
[BlackTeam "Hungary Hunters"]
[WhiteFideId "8601429"]
[BlackFideId "722413"]
[EventDate "2020.01.06"]

1. d4 d5 2. c4 c6 3. Nf3 Nf6 4. Qb3 dxc4 5. Qxc4 Bg4 6. Nbd2 Nbd7 7. Qb3 Qb6 8.
Nc4 Qxb3 9. axb3 e6 10. Nfe5 Nxe5 11. Nxe5 Bb4+ 12. Bd2 Bxd2+ 13. Kxd2 Bh5 14.
f3 O-O-O 15. e3 c5 16. Rc1 Kb8 17. Rxc5 Nd5 18. Bc4 b6 19. Rb5 Kb7 20. Nd3 Bg6
21. Bxd5+ exd5 22. Nb4 Rc8 23. Rxd5 Rc7 24. e4 Rhc8 25. Ke3 f6 26. Rd6 Be8 27.
h4 Bb5 28. h5 h6 29. g4 a6 30. Nd5 Rc2 31. Rxb6+ Ka7 32. Ra1 Be2 33. Ra2 Bf1 34.
Ra1 Be2 35. Re1 Bb5 36. Re6 Rxb2 37. Re7+ Kb8 38. Rxg7 Rxb3+ 39. Kf4 Rc2 40. Re3
Rxe3 41. Nxe3 a5 42. Nxc2 1-0

[Event "PRO League Group Stage"]
[Site "chess.com INT"]
[Date "2020.01.29"]
[Round "4"]
[White "Erdos, Viktor"]
[Black "Li, Chao b"]
[Result "1-0"]
[WhiteTitle "GM"]
[BlackTitle "GM"]
[WhiteElo "2621"]
[BlackElo "2683"]
[WhiteTeam "Hungary Hunters"]
[BlackTeam "China Pandas"]
[WhiteFideId "719978"]
[BlackFideId "8604436"]
[EventDate "2020.01.06"]

1. Nf3 Nf6 2. c4 c6 3. Nc3 d5 4. e3 g6 5. d4 Bg7 6. Be2 O-O 7. O-O Ne4 8. a4
Nxc3 9. bxc3 Nd7 10. a5 Re8 11. cxd5 cxd5 12. c4 Nf6 13. Qb3 Rb8 14. cxd5 Bg4
15. h3 Bxf3 16. Bxf3 Qd7 17. e4 e6 18. dxe6 Qxe6 19. Qxe6 fxe6 20. e5 Nd5 21.
Bxd5 exd5 22. Be3 Rec8 23. Rfc1 Rc4 24. Kf1 Kf7 25. Ke2 Ke6 26. Kd3 Rbc8 27.
Rab1 Rxc1 28. Bxc1 Bf8 29. Bd2 Rc7 30. g4 Be7 31. f4 Bd8 32. Rb5 Rf7 33. Rb1 h5
34. f5+ gxf5 35. gxh5 f4 36. Rg1 Kf5 37. Bxf4 Rh7 38. Rg8 Be7 39. Be3 Rxh5 40.
Rg7 Ke6 41. Rg6+ Kf5 42. Rh6 Rxh6 43. Bxh6 b5 44. a6 Ke6 45. Bd2 b4 46. Kc2 Kf5
47. Kb3 1-0

[Event "PRO League Group Stage"]
[Site "chess.com INT"]
[Date "2020.01.29"]
[Round "4"]
[White "Gledura, Benjamin"]
[Black "Wang, Yue"]
[Result "0-1"]
[WhiteTitle "GM"]
[BlackTitle "GM"]
[WhiteElo "2626"]
[BlackElo "2669"]
[WhiteTeam "Hungary Hunters"]
[BlackTeam "China Pandas"]
[WhiteFideId "712779"]
[BlackFideId "8601429"]
[EventDate "2020.01.06"]

1. d4 Nf6 2. c4 e6 3. Nf3 d5 4. g3 dxc4 5. Bg2 c5 6. O-O Nc6 7. Ne5 Bd7 8. Na3
cxd4 9. Naxc4 Be7 10. Qb3 Qc8 11. Bf4 Nd5 12. Nxd7 Qxd7 13. Ne5 Nxe5 14. Bxe5
Bf6 15. Bxf6 Nxf6 16. Bxb7 Rd8 17. Rac1 O-O 18. Bc6 Qe7 19. Qc4 e5 20. b4 e4 21.
b5 Rd6 22. a4 Rfd8 23. a5 d3 24. exd3 exd3 25. Rfd1 d2 26. Rb1 h5 27. b6 axb6
28. axb6 Ng4 29. Qc5 Qf6 30. Bg2 Rd4 31. f4 Ne3 32. b7 Nxd1 33. b8=Q Rxb8 34.
Rxb8+ Rd8 35. Qe5 Nc3 36. Bf3 Rxb8 37. Qxb8+ Kh7 38. Qb4 g6 39. Qc4 d1=Q+ 40.
Bxd1 Nxd1 0-1

[Event "PRO League Group Stage"]
[Site "chess.com INT"]
[Date "2020.01.29"]
[Round "4"]
[White "Banusz, Tamas"]
[Black "Xu, Xiangyu"]
[Result "0-1"]
[WhiteTitle "GM"]
[BlackTitle "GM"]
[WhiteElo "2620"]
[BlackElo "2580"]
[WhiteTeam "Hungary Hunters"]
[BlackTeam "China Pandas"]
[WhiteFideId "722413"]
[BlackFideId "8608288"]
[EventDate "2020.01.06"]

1. Nf3 c5 2. c4 Nf6 3. Nc3 d5 4. cxd5 Nxd5 5. d4 e6 6. g3 cxd4 7. Nxd5 Qxd5 8.
Qxd4 Qb5 9. e4 Qb4+ 10. Qxb4 Bxb4+ 11. Bd2 Bxd2+ 12. Kxd2 Ke7 13. Ke3 Nc6 14.
Bb5 Bd7 15. Rac1 Rhc8 16. Bxc6 Bxc6 17. Nd4 Bd7 18. e5 f6 19. exf6+ gxf6 20. f4
a5 21. b3 b5 22. a3 b4 23. a4 e5 24. fxe5 fxe5 25. Nf3 Be6 26. Nd2 Bd5 27. Rhe1
Ke6 28. Ne4 Ke7 29. Nc5 Rc7 30. Nd3 Rac8 31. Kd2 e4 32. Rxc7+ Rxc7 33. Nf2 Bxb3
34. Nxe4 Kd8 35. Nf6 Bxa4 36. Re5 b3 37. Rd5+ Kc8 0-1

[Event "PRO League Group Stage"]
[Site "chess.com INT"]
[Date "2020.01.29"]
[Round "4"]
[White "Li, Chao b"]
[Black "Papp, Gabor1"]
[Result "1-0"]
[WhiteTitle "GM"]
[BlackTitle "GM"]
[WhiteElo "2683"]
[BlackElo "2595"]
[WhiteTeam "China Pandas"]
[BlackTeam "Hungary Hunters"]
[WhiteFideId "8604436"]
[BlackFideId "718602"]
[EventDate "2020.01.06"]

1. e4 e5 2. Nf3 Nf6 3. Nc3 Nc6 4. Bb5 Nd4 5. Nxe5 Qe7 6. f4 Nxb5 7. Nxb5 d6 8.
Nf3 Qxe4+ 9. Kf2 Ng4+ 10. Kg3 Kd8 11. h3 Nh6 12. Kf2 Qxf4 13. d3 Qb4 14. a4 Nf5
15. Bd2 Qc5+ 16. d4 Qd5 17. g4 Ne7 18. c4 Qe6 19. Re1 Qg6 20. c5 h5 21. cxd6
cxd6 22. Ba5+ b6 23. Qc1 Nd5 24. Qc6 Be7 25. Qxd5 hxg4 26. Ne5 Bh4+ 27. Kg1 Qf6
28. Rf1 Bf5 29. Rxf5 Qxf5 30. Nc6+ 1-0